[Event "Budapest FS06 IM"]
[Site "Budapest"]
[Date "2023.06.12"]
[Round "8"]
[White "Varshini, Veileven"]
[Black "Fiedorek, Michal"]
[Result "1-0"]
[WhiteElo "2120"]
[BlackElo "2333"]
[PlyCount "133"]
[EventDate "2023.06.03"]
[EventType "tourn"]
[EventRounds "9"]
[EventCountry "HUN"]
[SourceTitle "CBM 214 Extra"]
[Source "ChessBase"]
[SourceDate "2023.07.31"]
[SourceVersion "1"]
[SourceVersionDate "2023.07.31"]
[SourceQuality "1"]

1. d4 Nf6 2. Bg5 g6 3. Bxf6 exf6 4. e3 d5 5. Nd2 Bd6 6. g3 c6 7. Bg2 h5 8. h4 Bg4 9. Ngf3 Nd7 10. c3 0-0 11. 0-0 Re8 12. Rc1 Bc7 13. Re1 Qe7 14. Qb3 Rab8 15. c4 dxc4 16. Nxc4 b5 17. Ncd2 c5 18. dxc5 Nxc5 19. Qc2 Ne6 20. Nb3 Bb6 21. Nh2 a5 22. Nxg4 hxg4 23. Kf1 Qa7 24. Bd5 Kg7 25. Red1 a4 26. Bxe6 Rxe6 27. Nd4 Ree8 28. Kg1 Qa6 29. Qc6 b4 30. Qd7 Bxd4 31. Rxd4 Qe2 32. Rd2 Qf3 33. Qd5 Re4 34. Rcd1 g5 35. Rd4 Re5 36. Qd7 Rh8 37. Qxg4 Qc6 38. Rxb4 Qc2 39. Rxa4 Rf5 40. Rf4 Rc5 41. b4 Re5 42. Rc4 Qxa2 43. Rc5 Rxc5 44. bxc5 Qa8 45. e4 Qa4 46. Rd5 Qc4 47. Kg2 Re8 48. hxg5 Qxe4+ 49. Qxe4 Rxe4 50. gxf6+ Kxf6 51. Rd8 Rc4 52. Rc8 Rc2 53. c6 Ke6 54. g4 Ke5 55. Kg3 Rc3+ 56. f3 Kd6 57. c7 Ke7 58. g5 Kd7 59. Rf8 Kxc7 60. Rxf7+ Kd6 61. Kg4 Ke6 62. Rf6+ Ke7 63. f4 Rc1 64. Kh5 Rg1 65. Kg6 Rg4 66. f5 Rg3 67. Ra6 1-0

[Event "Munich Pfingst op-A 1st"]
[Site "Munich"]
[Date "2023.06.03"]
[Round "4"]
[White "Varshini, Veileven"]
[Black "Ipek, Egehan"]
[Result "1-0"]
[WhiteElo "2122"]
[BlackElo "2308"]
[PlyCount "109"]
[EventDate "2023.05.31"]
[EventType "swiss"]
[EventRounds "9"]
[EventCountry "GER"]
[SourceTitle "CBM 214 Extra"]
[Source "ChessBase"]
[SourceDate "2023.07.31"]
[SourceVersion "1"]
[SourceVersionDate "2023.07.31"]
[SourceQuality "1"]

1. e4 c5 2. Nc3 e6 3. g3 d5 4. exd5 exd5 5. d3 Nf6 6. Bg2 d4 7. Nce2 Bd6 8. Nf3 0-0 9. 0-0 h6 10. Bf4 Nc6 11. Bxd6 Qxd6 12. Nd2 Ne5 13. h3 Bd7 14. f4 Nc6 15. Nc4 Qc7 16. a4 Ne7 17. g4 Bc6 18. Ng3 Bxg2 19. Kxg2 Ng6 20. Qd2 Nd5 21. f5 Ngf4+ 22. Kh2 Rae8 23. Rae1 g5 24. Rxe8 Rxe8 25. Re1 Re7 26. Rxe7 Qxe7 27. Ne4 Qc7 28. Ncd6 h5 29. gxh5 Ne3 30. Qf2 Qe7 31. Kh1 Nxh5 32. Qf3 Nf6 33. Nxf6+ Qxf6 34. Ne4 Qxf5 35. Qxf5 Nxf5 36. Nxc5 b6 37. Ne4 Ne3 38. c4 Nd1 39. b4 Nb2 40. c5 Kf8 41. cxb6 axb6 42. a5 bxa5 43. bxa5 Na4 44. a6 Ke7 45. a7 Nb6 46. Nxg5 Kd7 47. Nxf7 Kc7 48. h4 Kb7 49. h5 Nd7 50. h6 Nf8 51. Ng5 Kxa7 52. h7 Ng6 53. Nf7 Kb6 54. h8Q Nxh8 55. Nxh8 1-0

[Event "Munich Laimer op 2nd"]
[Site "Munich"]
[Date "2023.05.30"]
[Round "8"]
[White "Varshini, Veileven"]
[Black "Dobrocmyslov, Artem"]
[Result "1-0"]
[WhiteElo "2122"]
[BlackElo "2288"]
[PlyCount "75"]
[EventDate "2023.05.26"]
[EventType "swiss"]
[EventRounds "9"]
[EventCountry "GER"]
[SourceTitle "CBM 214 Extra"]
[Source "ChessBase"]
[SourceDate "2023.07.31"]
[SourceVersion "1"]
[SourceVersionDate "2023.07.31"]
[SourceQuality "1"]

1. e4 e6 2. d4 d5 3. e5 c5 4. c3 Nc6 5. Nf3 Bd7 6. a3 c4 7. g3 Na5 8. Nbd2 Bc6 9. Bg2 Qd7 10. 0-0 Ba4 11. Qe2 0-0-0 12. Re1 h6 13. Nf1 Ne7 14. Ne3 Kb8 15. Nd2 g5 16. Ng4 Bg7 17. Nf1 Ng6 18. Nf6 Bxf6 19. exf6 Rdg8 20. Ne3 h5 21. Nf1 Nb3 22. Bxg5 Nxa1 23. Rxa1 Nf8 24. h4 Nh7 25. Bh6 Rg6 26. Bg7 Rg8 27. Qxh5 Nf8 28. Qe2 Qc7 29. h5 R6xg7 30. fxg7 Rxg7 31. Ne3 f6 32. Ng4 Qf7 33. Qf3 Nh7 34. Re1 Qxh5 35. Qf4+ e5 36. Nxe5 fxe5 37. Rxe5 Qg4 38. Re8# 1-0

[Event "Munich Laimer op 2nd"]
[Site "Munich"]
[Date "2023.05.27"]
[Round "3"]
[White "Becker, Matthias1111"]
[Black "Varshini, Veileven"]
[Result "1-0"]
[WhiteElo "2339"]
[BlackElo "2122"]
[PlyCount "81"]
[EventDate "2023.05.26"]
[EventType "swiss"]
[EventRounds "9"]
[EventCountry "GER"]
[SourceTitle "CBM 214 Extra"]
[Source "ChessBase"]
[SourceDate "2023.07.31"]
[SourceVersion "1"]
[SourceVersionDate "2023.07.31"]
[SourceQuality "1"]

1. e4 c5 2. Nf3 d6 3. d4 cxd4 4. Qxd4 Nc6 5. Qe3 Nf6 6. Be2 e6 7. c4 Be7 8. Nc3 a6 9. 0-0 0-0 10. Rd1 Qc7 11. b3 Ne5 12. Ba3 Nxf3+ 13. Bxf3 e5 14. Rac1 Be6 15. Rd3 Rfd8 16. Rcd1 h6 17. g3 Ne8 18. Nd5 Bxd5 19. Rxd5 b5 20. Be2 Qb8 21. cxb5 axb5 22. Rxb5 Qa7 23. Qxa7 Rxa7 24. Bb4 Rxa2 25. Bc4 Ra7 26. Ra5 Rb7 27. Bd2 Nc7 28. Rda1 Bg5 29. Be1 Kf8 30. Ra7 Rdb8 31. Kf1 g6 32. b4 f5 33. h4 Bf6 34. f3 Ke7 35. b5 Kd7 36. Bf2 d5 37. exd5 e4 38. R1a2 exf3 39. Rxb7 Rxb7 40. b6 Bc3 41. Bc5 1-0

[Event "IND-ch (Women) 48th"]
[Site "Hatkanangale"]
[Date "2023.01.01"]
[Round "7"]
[White "Lakshmi, Chidambaram"]
[Black "Varshini, Veileven"]
[Result "0-1"]
[WhiteElo "1974"]
[BlackElo "2141"]
[PlyCount "138"]
[EventDate "2022.12.26"]
[EventType "swiss"]
[EventRounds "11"]
[EventCountry "IND"]
[SourceTitle "CBM 212 Extra"]
[Source "ChessBase"]
[SourceDate "2023.03.31"]
[SourceVersion "1"]
[SourceVersionDate "2023.03.31"]
[SourceQuality "1"]

1. e4 c5 2. Nf3 d6 3. d4 cxd4 4. Nxd4 Nf6 5. Nc3 a6 6. a4 e5 7. Nb3 Be6 8. Bg5 Nbd7 9. a5 Be7 10. Be2 0-0 11. Be3 Rc8 12. f3 Qc7 13. 0-0 Qc6 14. Rc1 Rfd8 15. Qe1 d5 16. exd5 Nxd5 17. Nxd5 Bxd5 18. c4 Be6 19. f4 Nc5 20. Nxc5 Bxc5 21. Bxc5 Qxc5+ 22. Kh1 exf4 23. Rxf4 Qe5 24. Rf1 Qxb2 25. Rb1 Qa2 26. Bf3 Bxc4 27. Rf2 Qa3 28. Bxb7 Rb8 29. Rf3 Qa4 30. Ra1 Qd7 31. Be4 Qd4 32. Re3 g6 33. Bf3 Bb5 34. Rd1 Qf4 35. Rxd8+ Rxd8 36. h3 Rc8 37. Bd5 Qg5 38. Qd2 Qd8 39. Re5 Bc4 40. Qg5 Qxg5 41. Rxg5 Kg7 42. Bxc4 Rxc4 43. Rd5 Ra4 44. Kh2 Kf8 45. Re5 Kg7 46. Rd5 Rf4 47. g4 h6 48. Kg3 Rf6 49. h4 Rc6 50. h5 gxh5 51. Rxh5 Rg6 52. Kf4 f6 53. Rh3 Rg5 54. Ra3 Kg6 55. Ra4 Rb5 56. Kg3 Kg5 57. Kf3 Rb3+ 58. Kf2 Rh3 59. Kg2 Rh4 60. Kf3 h5 61. Rc4 hxg4+ 62. Kg2 f5 63. Rc6 Rh6 64. Rb6 f4 65. Kf2 f3 66. Ke3 Rf6 67. Kf2 Rf5 68. Rxa6 g3+ 69. Kf1 f2 0-1

[Event "IND-ch (Women) 48th"]
[Site "Hatkanangale"]
[Date "2022.12.31"]
[Round "6"]
[White "Varshini, Veileven"]
[Black "Harini, S."]
[Result "1-0"]
[WhiteElo "2141"]
[BlackElo "1918"]
[PlyCount "53"]
[EventDate "2022.12.26"]
[EventType "swiss"]
[EventRounds "11"]
[EventCountry "IND"]
[SourceTitle "CBM 212 Extra"]
[Source "ChessBase"]
[SourceDate "2023.03.31"]
[SourceVersion "1"]
[SourceVersionDate "2023.03.31"]
[SourceQuality "1"]

1. e4 c5 2. Nc3 e6 3. g3 Nc6 4. Bg2 g6 5. d3 Bg7 6. Be3 d6 7. Qd2 Nd4 8. Nd1 e5 9. c3 Nc6 10. Ne2 Nge7 11. f4 0-0 12. 0-0 f5 13. h3 Rb8 14. fxe5 Nxe5 15. Bf4 b5 16. Ne3 c4 17. Bg5 Bf6 18. Bxf6 Rxf6 19. d4 Nd3 20. b3 Qc7 21. exf5 gxf5 22. Rab1 Be6 23. d5 Bf7 24. bxc4 bxc4 25. Rxb8+ Qxb8 26. Nxc4 Nc5 27. Qg5+ 1-0

[Event "IND-ch (Women) 48th"]
[Site "Hatkanangale"]
[Date "2022.12.26"]
[Round "1"]
[White "Vakcheri, Mohitha"]
[Black "Varshini, Veileven"]
[Result "0-1"]
[WhiteElo "1525"]
[BlackElo "2141"]
[PlyCount "136"]
[EventDate "2022.12.26"]
[EventType "swiss"]
[EventRounds "11"]
[EventCountry "IND"]
[SourceTitle "CBM 212 Extra"]
[Source "ChessBase"]
[SourceDate "2023.03.31"]
[SourceVersion "1"]
[SourceVersionDate "2023.03.31"]
[SourceQuality "1"]

1. d4 d5 2. Nf3 Nf6 3. e3 e6 4. Bd3 Be7 5. 0-0 0-0 6. b3 b6 7. Bb2 Bb7 8. Nbd2 c5 9. Ne5 Nbd7 10. f4 cxd4 11. exd4 Ne4 12. Qe2 f5 13. c4 Ndf6 14. cxd5 Nxd2 15. Qxd2 Bxd5 16. Rac1 Qd6 17. Bc4 Rac8 18. Bxd5 Qxd5 19. Rxc8 Rxc8 20. Rc1 Qb7 21. Rc2 Nd5 22. Qc1 Rxc2 23. Qxc2 Nxf4 24. Qc6 Qxc6 25. Nxc6 Kf7 26. Nxa7 Nd3 27. Ba1 Nc1 28. Nc8 b5 29. b4 Bxb4 30. Na7 Bc3 31. Bxc3 Ne2+ 32. Kf2 Nxc3 33. a3 Ke7 34. Ke3 Nd5+ 35. Kd2 Nc7 36. Kc3 Kd6 37. Kd3 Kd5 38. h4 g6 39. g3 e5 40. dxe5 Kxe5 41. Nc6+ Kd5 42. Nd4 Kc5 43. h5 Nd5 44. hxg6 hxg6 45. Ne6+ Kd6 46. Nd4 Nc7 47. Kd2 Kc5 48. Kd3 Kd5 49. Ne2 Ne6 50. Nc3+ Kc6 51. Ke3 Kc5 52. Kd3 Ng5 53. Ne2 Ne4 54. Ke3 Kc4 55. g4 Nd6 56. gxf5 Nxf5+ 57. Ke4 Kb3 58. Ke5 Kxa3 59. Kf6 b4 60. Kxg6 Nd6 61. Nd4 Ka4 62. Kf6 Nb5 63. Ne6 Kb3 64. Ke5 Kc4 65. Ng5 b3 66. Ne4 b2 67. Nd2+ Kd3 68. Nb1 Kc2 0-1

[Event "Asian Continental Blitz op (Women) 19th"]
[Site "Delhi"]
[Date "2022.11.03"]
[Round "9"]
[White "Arpita, Mukherjee"]
[Black "Varshini, Veileven"]
[Result "0-1"]
[WhiteElo "2238"]
[BlackElo "2137"]
[PlyCount "66"]
[EventDate "2022.11.03"]
[EventType "swiss (blitz)"]
[EventRounds "9"]
[EventCountry "IND"]
[SourceTitle "EXT 2024"]
[Source "ChessBase"]
[SourceDate "2023.10.10"]
[SourceVersion "1"]
[SourceVersionDate "2023.10.10"]
[SourceQuality "1"]

1. e4 c5 2. Nf3 d6 3. Bb5+ Bd7 4. Bxd7+ Nxd7 5. 0-0 Ngf6 6. Re1 e6 7. c3 Be7 8. d4 cxd4 9. cxd4 0-0 10. Nc3 Nb6 11. Bg5 Rc8 12. Qb3 h6 13. Bh4 Qc7 14. h3 Qc4 15. Qa3 Rfe8 16. Qxa7 Qc6 17. d5 exd5 18. Nd4 Qc5 19. Nb3 Qc7 20. Nb5 Qd8 21. Qxb7 Nxe4 22. Bg3 Bf6 23. Rac1 Rxc1 24. Rxc1 Bxb2 25. Rc7 Nxg3 26. fxg3 Qf6 27. Kh2 Re1 28. Nd2 Qf2 29. Nf3 Be5 30. Rc8+ Kh7 31. Rh8+ Kg6 32. Rxh6+ Kxh6 33. Nxe5 Qg1# 0-1

[Event "Asian Continental Blitz op (Women) 19th"]
[Site "Delhi"]
[Date "2022.11.03"]
[Round "7"]
[White "Enkhtuul, Altanulzii"]
[Black "Varshini, Veileven"]
[Result "1-0"]
[WhiteElo "2302"]
[BlackElo "2137"]
[PlyCount "169"]
[EventDate "2022.11.03"]
[EventType "swiss (blitz)"]
[EventRounds "9"]
[EventCountry "IND"]
[SourceTitle "EXT 2024"]
[Source "ChessBase"]
[SourceDate "2023.10.10"]
[SourceVersion "1"]
[SourceVersionDate "2023.10.10"]
[SourceQuality "1"]

1. Nf3 d5 2. d4 e6 3. g3 Nf6 4. Bg2 Be7 5. 0-0 0-0 6. Nbd2 b6 7. c4 Bb7 8. Ne5 c5 9. Ndf3 Nbd7 10. Nxd7 Nxd7 11. Qc2 Rc8 12. cxd5 Bxd5 13. dxc5 Nxc5 14. Be3 Nb3 15. Qb1 Nxa1 16. Qxa1 Bc5 17. Bg5 f6 18. Bf4 e5 19. Bc1 Be6 20. Qb1 Qd7 21. b4 Be7 22. Re1 Qa4 23. a3 Qc2 24. Qa1 Qc3 25. Bb2 Qb3 26. Nd2 Qa2 27. Bh3 Rc6 28. Bxe6+ Qxe6 29. b5 Rc2 30. Qb1 Rfc8 31. Nf3 Qb3 32. Qd1 Rxb2 33. Qd7 Rf8 34. Qxe7 Qf7 35. Qd6 Rxb5 36. Nh4 Rd5 37. Qc6 Rfd8 38. Nf5 Qd7 39. Qc4 Qxf5 40. e4 Qe6 41. exd5 Qxd5 42. Qc7 h6 43. Qxa7 Qc5 44. Rf1 e4 45. Qa4 Qd5 46. Re1 Kh8 47. Qxe4 Qd6 48. Qe3 Qc5 49. Qb3 Ra8 50. a4 Qa5 51. Re4 Qc5 52. Qf3 Rd8 53. Kg2 Qd6 54. Rg4 Qd7 55. Rh4 Qd5 56. Re4 Qd7 57. Qe3 Qd5 58. Qf3 Qd7 59. Rb4 Qd6 60. Qb3 Rb8 61. Qc3 Qd5+ 62. Qf3 Qd6 63. Rb5 Rd8 64. h4 Re8 65. Rb3 Rd8 66. Re3 Qd5 67. Re4 Qd6 68. Re3 Qd5 69. Re8+ Kh7 70. Rxd8 Qxd8 71. Qe4+ Kh8 72. h5 Qc7 73. Qd5 Qa7 74. Qc6 Qa5 75. Qe8+ Kh7 76. Qe4+ Kh8 77. Qe8+ Kh7 78. Qb5 Qa7 79. Kh3 Qc7 80. Kg4 Kg8 81. Qd5+ Kf8 82. Kf5 Qc2+ 83. Qe4 Qxf2+ 84. Ke6 Qc5 85. Qa8+ 1-0

[Event "Asian Continental op (Women) 19th"]
[Site "Delhi"]
[Date "2022.11.01"]
[Round "7"]
[White "Varshini, Veileven"]
[Black "Enkhtuul, Altanulzii"]
[Result "0-1"]
[WhiteElo "2137"]
[BlackElo "2295"]
[PlyCount "136"]
[EventDate "2022.10.26"]
[EventType "swiss"]
[EventRounds "9"]
[EventCountry "IND"]
[SourceTitle "EXT 2024"]
[Source "ChessBase"]
[SourceDate "2023.10.10"]
[SourceVersion "1"]
[SourceVersionDate "2023.10.10"]
[SourceQuality "1"]

1. e4 c6 2. d4 d5 3. Nd2 dxe4 4. Nxe4 Nf6 5. Nxf6+ exf6 6. c3 Bf5 7. Bd3 Bxd3 8. Qxd3 Bd6 9. Ne2 0-0 10. 0-0 Qc7 11. h3 Nd7 12. Qf3 Rfe8 13. Bd2 Nf8 14. Nf4 Bxf4 15. Bxf4 Qa5 16. Be3 Ng6 17. c4 Nh4 18. Qf4 Ng6 19. Qg4 f5 20. Qh5 Qb4 21. Qxf5 Qxc4 22. Qc5 Qd3 23. Rad1 Qe4 24. Rfe1 b6 25. Qg5 h6 26. Qh5 Rad8 27. b3 Qc2 28. Rc1 Qxa2 29. Rxc6 Qxb3 30. Ra1 Re7 31. Qg4 Qd5 32. Rac1 Kh7 33. Qg3 Qe4 34. Rc7 Rxc7 35. Rxc7 f5 36. Bd2 a5 37. d5 Qxd5 38. Bc3 Rd7 39. h4 f4 40. Rxd7 Qxd7 41. Qf3 Nxh4 42. Qxf4 Ng6 43. Qe4 Qc7 44. Bd2 Qd6 45. Be3 Kh8 46. Bd4 b5 47. Qa8+ Kh7 48. Qa7 Ne7 49. Bc5 Nc8 50. Bxd6 Nxa7 51. Kf1 Nc6 52. Ke2 b4 53. Kd3 a4 54. Kc4 a3 55. Kb3 Nd4+ 56. Ka2 b3+ 57. Kxa3 Nb5+ 58. Kxb3 Nxd6 59. Kc2 Kg6 60. Kd3 Kf5 61. Ke3 Kg4 62. Kd4 Nf5+ 63. Ke4 Nh4 64. g3 Nf3 65. Ke3 g5 66. Ke2 h5 67. Kf1 Kh3 68. Ke2 Kg2 0-1

[Event "Raipur Chhattisgarh"]
[Site "Raipur"]
[Date "2022.09.25"]
[Round "7"]
[White "Ilamparthi, AR."]
[Black "Varshini, Veileven"]
[Result "1-0"]
[WhiteElo "2269"]
[BlackElo "2126"]
[PlyCount "169"]
[EventDate "2022.09.19"]
[EventType "swiss"]
[EventRounds "10"]
[EventCountry "IND"]
[SourceTitle "CBM 210 Extra"]
[Source "ChessBase"]
[SourceDate "2022.11.30"]
[SourceVersion "1"]
[SourceVersionDate "2022.11.30"]
[SourceQuality "1"]

1. e4 c5 2. Nf3 d6 3. g3 Nf6 4. d3 e6 5. Bg2 Be7 6. 0-0 0-0 7. Re1 Nc6 8. c3 Qc7 9. a3 Rb8 10. b4 b5 11. Nbd2 a5 12. bxc5 dxc5 13. d4 Ba6 14. Nb3 Rbd8 15. Bb2 e5 16. d5 c4 17. Nbd2 Nb8 18. a4 b4 19. Nh4 g6 20. Bf1 b3 21. Ng2 Nfd7 22. Ne3 Nb6 23. h4 Bd6 24. h5 Rc8 25. Ng4 Qe7 26. Qf3 N6d7 27. Ne3 Nb6 28. Ng4 N6d7 29. Bc1 Kh8 30. Ne3 Nb6 31. Qg4 Qe8 32. Qh4 Be7 33. Qh3 Nxa4 34. Nexc4 Bxc4 35. Nxc4 Rxc4 36. Bxc4 b2 37. Bxb2 Nxb2 38. Bf1 a4 39. hxg6 fxg6 40. Qe6 Bc5 41. Qxe8 Rxe8 42. Bb5 Rf8 43. Rf1 a3 44. Kg2 Kg7 45. f4 Kf6 46. Kf3 h5 47. Ke2 Rd8 48. f5 g5 49. Rh1 Rh8 50. Kd2 Ke7 51. f6+ Kxf6 52. Raf1+ Kg6 53. Kc2 Rd8 54. Rf5 Nd7 55. Rhf1 Nf8 56. Rxe5 Rb8 57. c4 Bd4 58. Re7 a2 59. e5 Nh7 60. Re6+ Kg7 61. Ra6 Bxe5 62. Rxa2 Nf6 63. Rf5 Ng4 64. Rxg5+ Kf6 65. Rxe5 Kxe5 66. Rxb2 Kd4 67. Kb3 Ne5 68. Rd2+ Kc5 69. Kc3 Rg8 70. d6 Rxg3+ 71. Kc2 Nf7 72. d7 Rg8 73. Rd5+ Kb6 74. Rxh5 Nd6 75. Kb3 Rd8 76. Kb4 Nxb5 77. Rxb5+ Kc6 78. Rd5 Rb8+ 79. Kc3 Rd8 80. Kd4 Kc7 81. Kc5 Rh8 82. d8Q+ Rxd8 83. Rxd8 Kxd8 84. Kc6 Kc8 85. c5 1-0

[Event "Raipur Chhattisgarh"]
[Site "Raipur"]
[Date "2022.09.19"]
[Round "1"]
[White "Varshini, Veileven"]
[Black "Kushagra, Mohan"]
[Result "0-1"]
[WhiteElo "2126"]
[BlackElo "2431"]
[PlyCount "68"]
[EventDate "2022.09.19"]
[EventType "swiss"]
[EventRounds "10"]
[EventCountry "IND"]
[SourceTitle "CBM 210 Extra"]
[Source "ChessBase"]
[SourceDate "2022.11.30"]
[SourceVersion "1"]
[SourceVersionDate "2022.11.30"]
[SourceQuality "1"]

1. e4 c6 2. d4 d5 3. Nc3 dxe4 4. Nxe4 Nf6 5. Nxf6+ exf6 6. c3 Bd6 7. Bd3 0-0 8. Qc2 Re8+ 9. Ne2 h5 10. 0-0 h4 11. h3 Nd7 12. Be3 Nf8 13. Rad1 Bc7 14. Rfe1 Ne6 15. d5 cxd5 16. Bb5 Re7 17. c4 Qd6 18. cxd5 Qh2+ 19. Kf1 Nf4 20. Bxf4 Bxf4 21. Ng1 Re5 22. Rxe5 Bxe5 23. d6 Be6 24. d7 Rd8 25. Qe4 Qf4 26. Qxb7 Qb4 27. Qc6 Qxb2 28. Nf3 Bb8 29. a4 g5 30. Qc5 Qb3 31. Re1 Bxd7 32. Nxg5 Bd6 33. Qd4 Bxb5+ 34. axb5 Qxb5+ 0-1

[Event "Cattolica d'Estate op-A 2nd"]
[Site "Cattolica"]
[Date "2022.05.31"]
[Round "3"]
[White "Varshini, Veileven"]
[Black "Velikanov, Alexander"]
[Result "0-1"]
[WhiteElo "2126"]
[BlackElo "2337"]
[PlyCount "88"]
[EventDate "2022.05.30"]
[EventType "swiss"]
[EventRounds "9"]
[EventCountry "ITA"]
[SourceTitle "EXT 2023"]
[Source "ChessBase"]
[SourceDate "2022.10.05"]
[SourceVersion "1"]
[SourceVersionDate "2022.10.05"]
[SourceQuality "1"]

1. e4 c5 2. Nc3 e6 3. g3 Nc6 4. Bg2 Nf6 5. d3 Be7 6. Nge2 0-0 7. 0-0 d6 8. f4 Rb8 9. h3 Nd7 10. g4 Bh4 11. Kh2 b5 12. Ng1 Be7 13. Nf3 Nd4 14. Ne2 Nxf3+ 15. Bxf3 b4 16. Ng3 g6 17. Bg2 a5 18. Be3 Bf6 19. Rb1 a4 20. Qd2 Ba6 21. g5 Bg7 22. f5 Be5 23. f6 c4 24. d4 Bxg3+ 25. Kxg3 c3 26. bxc3 bxc3 27. Qxc3 Bxf1 28. Rxf1 Qc8 29. Qa3 Qa6 30. Kh2 Rfc8 31. Rf2 Qc6 32. c4 Nb6 33. Bf4 Nxc4 34. Qg3 e5 35. dxe5 dxe5 36. Bxe5 Nxe5 37. Qxe5 a3 38. Rd2 Qc1 39. Rd7 Rb2 40. Qd6 Rxg2+ 41. Kxg2 Rc2+ 42. Kf3 Qf1+ 43. Ke3 Qf2+ 44. Kd3 Qd2# 0-1

[Event "Cattolica Grandiscacchi op 2nd"]
[Site "Cattolica"]
[Date "2022.05.23"]
[Round "3"]
[White "Varshini, Veileven"]
[Black "Ishvi, Aggarwal"]
[Result "1-0"]
[WhiteElo "2126"]
[BlackElo "1709"]
[PlyCount "79"]
[EventDate "2022.05.21"]
[EventType "swiss"]
[EventRounds "9"]
[EventCountry "ITA"]
[SourceTitle "CBM 208 Extra"]
[Source "ChessBase"]
[SourceDate "2022.07.31"]
[SourceVersion "1"]
[SourceVersionDate "2022.07.31"]
[SourceQuality "1"]

1. e4 e5 2. Nf3 Nc6 3. Bb5 a6 4. Ba4 Nf6 5. Qe2 Be7 6. 0-0 0-0 7. c3 b5 8. Bc2 d5 9. d3 Be6 10. Rd1 Re8 11. Nbd2 h6 12. Nf1 Bf8 13. Ng3 Qd7 14. h3 g6 15. a4 Bg7 16. axb5 axb5 17. Rxa8 Rxa8 18. d4 Nxe4 19. Nxe4 dxe4 20. Nxe5 Nxe5 21. dxe5 Qe8 22. Bxe4 Ra1 23. f4 Bb3 24. Re1 Bf8 25. Bd3 c6 26. f5 f6 27. e6 g5 28. Be4 Bd6 29. Qf3 Bf4 30. Bd2 Qa8 31. Qf2 Bd6 32. Be3 Qa2 33. Bxc6 Rxe1+ 34. Qxe1 Qxb2 35. Bd4 Be7 36. Bxb5 Bc2 37. Qf1 Be4 38. Bc4 Qc2 39. Bxf6 Bc5+ 40. Bd4 1-0